Giáo trình phát triển và tổ chức thực hiện chương trình giáo dục mầm non Dành cho hệ cao đẳng sư phạm mầm non

সংরক্ষণ করুন:
গ্রন্থ-পঞ্জীর বিবরন
প্রধান লেখক: Nguyễn, Thị Thu Hiền
বিন্যাস: গ্রন্থ
প্রকাশিত: Hà Nội Giáo dục
বিষয়গুলি:
ট্যাগগুলো: ট্যাগ যুক্ত করুন
কোনো ট্যাগ নেই, প্রথমজন হিসাবে ট্যাগ করুন!
Thư viện lưu trữ: Trung tâm Học liệu Lê Vũ Hùng, Trường Đại học Đồng Tháp
LEADER 00962pam a22002538a 4500
001 00038333
005 20171026081025.0
008 170515s ||||||Viesd
041 0 # |a Vie 
082 1 4 |a 372.21  |b GI108TR 
100 1 # |a Nguyễn, Thị Thu Hiền 
245 1 0 |a Giáo trình phát triển và tổ chức thực hiện chương trình giáo dục mầm non  |b Dành cho hệ cao đẳng sư phạm mầm non  |c Nguyễn Thị Thu Hiền 
260 # # |a Hà Nội  |b Giáo dục 
300 # # |a 193 tr.  |c 29 cm 
653 # # |a Giáo dục 
653 # # |a Mầm non 
653 # # |a Tổ chức 
653 # # |a Phát triển 
852 # # |b Kho mượn  |j KM.0021468, KGT.0052709, KGT.0053012 
852 # # |b Kho đọc  |j KD.0020499 
852 # # |j KGT.0052709  |j KM.0021468  |j KD.0020499  |j KGT.0053012 
910 |d 15/05/2017 
980 # # |a Trung tâm Học liệu Lê Vũ Hùng, Trường Đại học Đồng Tháp